000 00385nam a2200145Ia 4500
008 240729s9999 xx 000 0 und d
022 _a2055-1045
245 0 _aPalgrave Communications
260 _aUnited Kingdom
260 _bPalgrave Macmillan
650 _aSocial Sciences
856 _uhttps://doaj.org/toc/79031d00635d4ee0b17c4a9b6f6fbb3e
942 _2ddc
942 _cDOAJEJ
999 _c70236
_d70236
945 _a1
_bMadushi Gamage
_c1
_dMadushi Gamage